[Event "28. Torneo Magistral de Elgoibar 2018"]
[Site "Elgoibar ESP"]
[Date "2018.12.13"]
[Round "2.4"]
[White "Martinez Fernandez, Adrian"]
[Black "Starostits, Ilmars"]
[Result "0-1"]
[WhiteElo "2212"]
[BlackElo "2458"]
[PlyCount "134"]
[EventDate "2018.12.12"]
[EventType "tourn"]
[EventRounds "9"]
[EventCountry "ESP"]
[SourceTitle "Ajedrez en Madrid"]
[Source "lmi"]
[SourceDate "2018.12.12"]

1. e4 c5 2. Nf3 Nc6 3. Nc3 e5 4. Bb5 d6 5. Bxc6+ bxc6 6. O-O Nf6 7. d3 h6 8.
Ne2 g6 9. Ng3 Bg7 10. c3 O-O 11. d4 cxd4 12. cxd4 exd4 13. Nxd4 Qb6 14. Nb3 c5
15. Bd2 Re8 16. Re1 h5 17. f3 h4 18. Nf1 h3 19. g3 Bb7 20. Ba5 Qc6 21. Bc3 Nxe4
22. fxe4 Bxc3 23. bxc3 Rxe4 24. Na5 Rxe1 25. Nxc6 Rxd1 26. Rxd1 Bxc6 27. Rxd6
Rc8 28. Kf2 Kf8 29. g4 Ke7 30. Rd2 Rb8 31. Kg3 Rb1 32. Re2+ Kf6 33. Ne3 Rg1+
34. Kh4 Bd7 35. Rf2+ Kg7 36. Kxh3 Be6 37. Rc2 Re1 38. Ng2 Re4 39. Kg3 Rxg4+ 40.
Kf3 Ra4 41. Nf4 Bxa2 42. Rg2 Kf6 43. Ke3 Be6 44. Nd3 Rc4 45. Rf2+ Ke7 46. Ra2
Rxc3 47. Rxa7+ Kd6 48. Kd2 Rc4 49. Ke3 Rc2 50. Ra6+ Kc7 51. Ne5 Kb7 52. Rd6 Kc7
53. Ra6 Rxh2 54. Nxf7 Bxf7 55. Ra7+ Kd6 56. Rxf7 Kd5 57. Rf4 Rg2 58. Kf3 Rg5
59. Ke3 Re5+ 60. Kd3 Rf5 61. Rg4 g5 62. Ke3 Re5+ 63. Kd3 Ke6 64. Ra4 Kf5 65.
Ra8 Kf4 66. Rf8+ Kg3 67. Rg8 g4 0-1

[Event "28. Torneo Magistral de Elgoibar 2018"]
[Site "Elgoibar ESP"]
[Date "2018.12.13"]
[Round "3.5"]
[White "Ambartsumova, Karina"]
[Black "Moreno Ruiz, Javier"]
[Result "1/2-1/2"]
[WhiteElo "2383"]
[BlackElo "2450"]
[PlyCount "128"]
[EventDate "2018.12.12"]
[EventType "tourn"]
[EventRounds "9"]
[EventCountry "ESP"]
[SourceTitle "Ajedrez en Madrid"]
[Source "lmi"]
[SourceDate "2018.12.12"]

1. Nf3 Nf6 2. c4 g6 3. g3 Bg7 4. Bg2 O-O 5. d4 d6 6. Nc3 Nc6 7. O-O e5 8. dxe5
dxe5 9. Bg5 Be6 10. Qa4 Qc8 11. Rfd1 Nd7 12. Nd5 Re8 13. Be3 Nb6 14. Qc2 Bf5
15. Qc1 Be4 16. Bg5 Nxd5 17. cxd5 Nd4 18. Nxd4 exd4 19. f3 Bxd5 20. e4 Be6 21.
Qf4 c5 22. b3 Qc6 23. Rac1 Rac8 24. Qh4 Qb6 25. Bf1 Qa5 26. Rc2 b5 27. Bf6 Qb6
28. Bxg7 Kxg7 29. Qf4 d3 30. Rxd3 c4+ 31. Re3 cxb3 32. Rxc8 Rxc8 33. axb3 Bxb3
34. h4 h6 35. e5 Be6 36. Bd3 b4 37. Kg2 Rc3 38. h5 Qd8 39. hxg6 fxg6 40. Qe4
Bf5 41. Qb7+ Rc7 42. Qa6 Qe7 43. Bxf5 gxf5 44. e6 Rc2+ 45. Kh3 Rc3 46. Qa1 Kg6
47. Rxc3 bxc3 48. Qxc3 Qxe6 49. Qc5 a6 50. Qa5 Qc6 51. Kg2 Qb5 52. Qd2 Qe5 53.
g4 fxg4 54. fxg4 a5 55. Kf3 Qf6+ 56. Kg3 Qe5+ 57. Kf3 Qc5 58. Qd3+ Kf6 59. Qd8+
Kf7 60. Qd7+ Kf6 61. Qd8+ Kg7 62. Qd7+ Kf6 63. Qd8+ Ke6 64. Qg8+ Kf6 1/2-1/2

[Event "28. Torneo Magistral de Elgoibar 2018"]
[Site "Elgoibar ESP"]
[Date "2018.12.15"]
[Round "5.1"]
[White "Starostits, Ilmars"]
[Black "Huerga Leache, Mikel"]
[Result "1/2-1/2"]
[WhiteElo "2458"]
[BlackElo "2448"]
[PlyCount "66"]
[EventDate "2018.12.12"]
[EventType "tourn"]
[EventRounds "9"]
[EventCountry "ESP"]
[SourceTitle "Ajedrez en Madrid"]
[Source "lmi"]
[SourceDate "2018.12.12"]

1. e4 e6 2. d4 d5 3. Nc3 Bb4 4. e5 c5 5. a3 Ba5 6. b4 cxd4 7. Nb5 Bc7 8. f4 Bd7
9. Nf3 Nh6 10. Nxc7+ Qxc7 11. Bd3 O-O 12. Bb2 Nc6 13. Nxd4 Nxd4 14. Bxd4 Nf5
15. Bxf5 exf5 16. a4 Qc4 17. c3 Be6 18. h4 Rfe8 19. Rh3 Kh8 20. Kf2 Rg8 21. h5
h6 22. Qd2 Kh7 23. Qc2 Rac8 24. Ke3 g5 25. hxg6+ Rxg6 26. g4 Rxg4 27. Qh2 Kg7
28. Rxh6 Rg8 29. Rh1 Kf8 30. Rh8 Ke8 31. Rxg8+ Rxg8 32. Rg1 Rxg1 33. Qxg1 Kd7
1/2-1/2

[Event "28. Torneo Magistral de Elgoibar 2018"]
[Site "Elgoibar ESP"]
[Date "2018.12.15"]
[Round "5.4"]
[White "Ambartsumova, Karina"]
[Black "Martinez Fernandez, Adrian"]
[Result "1-0"]
[WhiteElo "2383"]
[BlackElo "2212"]
[PlyCount "147"]
[EventDate "2018.12.12"]
[EventType "tourn"]
[EventRounds "9"]
[EventCountry "ESP"]
[SourceTitle "Ajedrez en Madrid"]
[Source "lmi"]
[SourceDate "2018.12.12"]

1. c4 Nf6 2. Nc3 e6 3. e4 d5 4. e5 d4 5. exf6 dxc3 6. bxc3 Qxf6 7. Nf3 b6 8. d4
h6 9. Ne5 Bb7 10. Qa4+ c6 11. g3 Bd6 12. f4 O-O 13. Bg2 Bxe5 14. fxe5 Qe7 15.
O-O c5 16. d5 exd5 17. cxd5 Qxe5 18. Bf4 Qxc3 19. Rae1 b5 20. Qd1 Nd7 21. Re7
Bc8 22. d6 Rb8 23. Bc6 Nf6 24. d7 Bxd7 25. Bxd7 Rbd8 26. Bc7 Rxd7 27. Rxd7 Qe3+
28. Rf2 Nxd7 29. Qxd7 Qe1+ 30. Kg2 Qe4+ 31. Kh3 Qb7 32. Qe7 c4 33. Bd6 Qxe7 34.
Bxe7 Rc8 35. Bb4 g6 36. Kg2 f5 37. Kf3 Kf7 38. Re2 Rc7 39. Ke3 Rd7 40. Rd2 Rxd2
41. Bxd2 Ke6 42. Kd4 g5 43. Bc3 a6 44. Bd2 Kd6 45. Bb4+ Ke6 46. Bf8 h5 47. Bh6
Kf6 48. h4 gxh4 49. gxh4 Ke6 50. Bf4 Ke7 51. Kd5 Kd7 52. Bd2 Kc7 53. Ke5 Kc6
54. Bb4 Kb6 55. Kxf5 a5 56. Be1 b4 57. Ke5 b3 58. Bc3 bxa2 59. Kd5 Kb5 60. Kd4
a4 61. Ke3 a1=Q 62. Bxa1 Kb4 63. Kd2 Kb3 64. Bf6 a3 65. Bg7 a2 66. Bf6 Ka3 67.
Kc2 Kb4 68. Kb2 a1=Q+ 69. Kxa1 c3 70. Kb1 Kb3 71. Kc1 Kc4 72. Kc2 Kd5 73. Kxc3
Ke4 74. Bg5 1-0

[Event "28. Torneo Magistral de Elgoibar 2018"]
[Site "Elgoibar ESP"]
[Date "2018.12.16"]
[Round "6.1"]
[White "Huerga Leache, Mikel"]
[Black "Velten, Paul"]
[Result "0-1"]
[WhiteElo "2448"]
[BlackElo "2485"]
[PlyCount "104"]
[EventDate "2018.12.12"]
[EventType "tourn"]
[EventRounds "9"]
[EventCountry "ESP"]
[SourceTitle "Ajedrez en Madrid"]
[Source "lmi"]
[SourceDate "2018.12.12"]

1. e4 e5 2. Bc4 Nf6 3. d3 c6 4. Nf3 d5 5. Bb3 Bb4+ 6. Bd2 Bxd2+ 7. Qxd2 Qe7 8.
Nc3 dxe4 9. Nxe4 Nxe4 10. dxe4 O-O 11. O-O-O Bg4 12. h3 Bxf3 13. gxf3 Na6 14.
Rhg1 Rad8 15. Qh6 Rxd1+ 16. Kxd1 Rd8+ 17. Kc1 g6 18. f4 exf4 19. Qxf4 Nc5 20.
h4 Nxe4 21. Re1 Nc3 22. Qxf7+ Qxf7 23. Bxf7+ Kxf7 24. bxc3 Rd5 25. Kb2 Rb5+ 26.
Ka3 Rf5 27. Rd1 Ke7 28. Re1+ Kd7 29. Rd1+ Kc7 30. Re1 Kd6 31. Rd1+ Rd5 32. Rf1
Rh5 33. Rh1 Ke5 34. Re1+ Kf6 35. Re4 Rf5 36. Rd4 Ke6 37. Re4+ Kd7 38. Rd4+ Kc8
39. Re4 Rxf2 40. Re7 h5 41. Kb3 Rf4 42. Rg7 Rg4 43. c4 b6 44. c5 bxc5 45. Rxa7
Rxh4 46. Rg7 Rb4+ 47. Kc3 Rg4 48. a4 h4 49. a5 Kb8 50. a6 g5 51. Rh7 Ra4 52.
Rh5 h3 0-1

[Event "28. Torneo Magistral de Elgoibar 2018"]
[Site "Elgoibar ESP"]
[Date "2018.12.16"]
[Round "6.4"]
[White "Suarez Garcia, Carlos"]
[Black "Oratovsky, Michael"]
[Result "1/2-1/2"]
[WhiteElo "2449"]
[BlackElo "2464"]
[PlyCount "20"]
[EventDate "2018.12.12"]
[EventType "tourn"]
[EventRounds "9"]
[EventCountry "ESP"]
[SourceTitle "Ajedrez en Madrid"]
[Source "lmi"]
[SourceDate "2018.12.12"]

1. d4 d6 2. Nf3 Nf6 3. c4 g6 4. Nc3 Nbd7 5. e3 Bg7 6. Be2 O-O 7. O-O e5 8. b4
Re8 9. b5 exd4 10. exd4 Nf8 1/2-1/2

[Event "28. Torneo Magistral de Elgoibar 2018"]
[Site "Elgoibar ESP"]
[Date "2018.12.16"]
[Round "7.2"]
[White "Oratovsky, Michael"]
[Black "Starostits, Ilmars"]
[Result "1-0"]
[WhiteElo "2464"]
[BlackElo "2458"]
[PlyCount "87"]
[EventDate "2018.12.12"]
[EventType "tourn"]
[EventRounds "9"]
[EventCountry "ESP"]
[SourceTitle "Ajedrez en Madrid"]
[Source "lmi"]
[SourceDate "2018.12.12"]

1. e4 c6 2. d4 d5 3. Nd2 dxe4 4. Nxe4 Bf5 5. Ng3 Bg6 6. Nh3 e6 7. Nf4 Bd6 8. c3
Nf6 9. h4 Bxf4 10. Bxf4 h6 11. h5 Bh7 12. Qb3 Qb6 13. Qa3 Nbd7 14. Rd1 Rd8 15.
Bd6 Ne4 16. Nxe4 Bxe4 17. Rh4 Bf5 18. Bb4 Qc7 19. Qxa7 Rc8 20. g3 g5 21. hxg6
fxg6 22. Qa3 g5 23. Bd6 Qb6 24. Rh2 Kf7 25. Qb4 Qxb4 26. Bxb4 Ra8 27. a3 b5 28.
Bg2 Rac8 29. Kd2 Nb6 30. Kc1 Nd5 31. Bd6 h5 32. Be5 Rh7 33. Rdh1 Kg6 34. f3 g4
35. fxg4 Bxg4 36. Be4+ Bf5 37. Bf3 Nf6 38. Bxf6 Kxf6 39. Rxh5 Rxh5 40. Rxh5 c5
41. g4 cxd4 42. gxf5 exf5 43. Rh6+ Ke5 44. Rc6 1-0

[Event "28. Torneo Magistral de Elgoibar 2018"]
[Site "Elgoibar ESP"]
[Date "2018.12.16"]
[Round "7.4"]
[White "Moreno Ruiz, Javier"]
[Black "Napoli, Nicolo"]
[Result "1-0"]
[WhiteElo "2450"]
[BlackElo "2289"]
[PlyCount "145"]
[EventDate "2018.12.12"]
[EventType "tourn"]
[EventRounds "9"]
[EventCountry "ESP"]
[SourceTitle "Ajedrez en Madrid"]
[Source "lmi"]
[SourceDate "2018.12.12"]

1. d4 Nf6 2. c4 e6 3. Nc3 Bb4 4. e3 b6 5. Nge2 c5 6. a3 Ba5 7. Rb1 Na6 8. g3
Bb7 9. d5 b5 10. Bg2 bxc4 11. O-O O-O 12. e4 Re8 13. Bg5 exd5 14. Nxd5 Bxd5 15.
Bxf6 Qxf6 16. Qxd5 Qe6 17. Rfd1 Qxd5 18. Rxd5 Rab8 19. Rxd7 c3 20. Rxa7 Rxb2
21. Nxc3 Bxc3 22. Rxb2 Bxb2 23. Rxa6 g6 24. a4 Rc8 25. Bh3 Rc7 26. Rb6 Bd4 27.
Rd6 Kf8 28. Rd7 Rxd7 29. Bxd7 c4 30. Bb5 c3 31. Bd3 Ke7 32. Kf1 Kd6 33. Ke2 Bb6
34. f4 f6 35. Bc2 h6 36. h3 Ke6 37. Bb3+ Kd6 38. Kd3 Bf2 39. g4 Be1 40. e5+
fxe5 41. f5 gxf5 42. gxf5 h5 43. Ke4 Bf2 44. Bc2 Bb6 45. Kd3 Kc5 46. Bd1 h4 47.
Ke4 Kd6 48. Bc2 Ba5 49. Kf3 Bd8 50. Bb3 Bb6 51. Ke4 Bd8 52. Bc2 Ba5 53. Bb3 Bb6
54. Kd3 Bd4 55. Kc4 Bb6 56. Bc2 Bd4 57. Be4 Bb6 58. Kb5 Bf2 59. Kc4 Bb6 60.
Kxc3 Kc5 61. Kd3 Kb4 62. Bc6 Kc5 63. Be8 Kd5 64. Bf7+ Kd6 65. Ke4 Ke7 66. Bb3
Kf6 67. Bc2 Ba5 68. Kd5 Bc3 69. Be4 Kg5 70. Ke6 Kf4 71. Bc2 e4 72. f6 e3 73.
Bd1 1-0

[Event "28. Torneo Magistral de Elgoibar 2018"]
[Site "Elgoibar ESP"]
[Date "2018.12.17"]
[Round "8.3"]
[White "Suarez Garcia, Carlos"]
[Black "Moreno Ruiz, Javier"]
[Result "0-1"]
[WhiteElo "2449"]
[BlackElo "2450"]
[PlyCount "92"]
[EventDate "2018.12.12"]
[EventType "tourn"]
[EventRounds "9"]
[EventCountry "ESP"]
[SourceTitle "Ajedrez en Madrid"]
[Source "lmi"]
[SourceDate "2018.12.12"]

1. Nf3 c5 2. b3 Nc6 3. Bb2 d6 4. e3 e5 5. d4 cxd4 6. exd4 e4 7. Nfd2 d5 8. c4
Nf6 9. a3 Bg4 10. Be2 Bxe2 11. Qxe2 Be7 12. cxd5 Nxd5 13. Qxe4 O-O 14. O-O Re8
15. Qf3 Bf6 16. Nc3 Nxd4 17. Qxd5 Ne2+ 18. Kh1 Nxc3 19. Qxd8 Raxd8 20. Nc4 b5
21. Ne3 Rd2 22. Bxc3 Bxc3 23. Rad1 Kf8 24. Nd5 Rxd1 25. Rxd1 Bb2 26. a4 bxa4
27. bxa4 Re4 28. g3 Rxa4 29. Rd3 Rd4 30. Rb3 Rxd5 31. Rb8+ Ke7 32. Rxb2 a5 33.
Kg2 a4 34. Kf3 a3 35. Ra2 Ra5 36. Ke4 Kd6 37. Kd4 Ra7 38. Kc4 Ke5 39. f3 g5 40.
Re2+ Kf5 41. Ra2 h5 42. Kb4 h4 43. Kc4 hxg3 44. hxg3 g4 45. Kd4 gxf3 46. Ke3
Kg4 0-1

[Event "28. Torneo Magistral de Elgoibar 2018"]
[Site "Elgoibar ESP"]
[Date "2018.12.17"]
[Round "8.5"]
[White "Strikovic, Aleksa"]
[Black "Oratovsky, Michael"]
[Result "1/2-1/2"]
[WhiteElo "2488"]
[BlackElo "2464"]
[PlyCount "26"]
[EventDate "2018.12.12"]
[EventType "tourn"]
[EventRounds "9"]
[EventCountry "ESP"]
[SourceTitle "Ajedrez en Madrid"]
[Source "lmi"]
[SourceDate "2018.12.12"]

1. Nf3 c5 2. c4 Nc6 3. g3 e5 4. Nc3 g6 5. Bg2 Bg7 6. O-O Nge7 7. Ne1 O-O 8. Nc2
a6 9. Ne3 Rb8 10. a4 d6 11. d3 Nb4 12. Bd2 Be6 13. Ned5 Nbc6 1/2-1/2

[Event "28. Torneo Magistral de Elgoibar 2018"]
[Site "Elgoibar ESP"]
[Date "2018.12.18"]
[Round "9.1"]
[White "Oratovsky, Michael"]
[Black "Huerga Leache, Mikel"]
[Result "1/2-1/2"]
[WhiteElo "2464"]
[BlackElo "2448"]
[PlyCount "21"]
[EventDate "2018.12.12"]
[EventType "tourn"]
[EventRounds "9"]
[EventCountry "ESP"]
[SourceTitle "Ajedrez en Madrid"]
[Source "lmi"]
[SourceDate "2018.12.12"]

1. e4 g6 2. d4 Bg7 3. Nf3 d6 4. h3 Nf6 5. Nc3 O-O 6. Be2 c6 7. a4 Nbd7 8. O-O
b6 9. Be3 Ba6 10. Re1 Bxe2 11. Qxe2 1/2-1/2